000 00474nam a2200145 4500
001 113885
003 ES-MaACL
007 t|
008 061121s1923 sp r ||||1| spa d
100 1 _aPagador , Antonio.
_988245
245 1 4 _aLos venenos sociales
_b: Opio, morfina : Psicopatología de los intoxicados y tratamiento de la intoxicación /
_cAntonio Pagador.
260 _aBarcelona :
_bAntonio López,
_c1923.
300 _a209 p. ;
_c23 cm.
852 _aES-MaACL
_jE-397
999 _c113885
_d113885